| 000 | 02229cam0 2200397 ib4500 | ||
|---|---|---|---|
| 001 | BY-MI0000-br2147984682 | ||
| 005 | 20260210161918.0 | ||
| 010 | ^a978-5-6045289-2-1 | ||
| 035 | ^a(BY-MI0000)BY-MI0000-br2147984682 | ||
| 100 | ^a20260127d2025 cd y0rusy50 ca | ||
| 101 | 0 | ^arus | |
| 102 | ^aRU | ||
| 105 | ^aa z 000ay | ||
| 109 | ^ama | ||
| 200 | 1 | ^a32 августа | |
| 215 |
^a148, [1] с. ^cцв. ил. |
||
| 333 | ^a6+ | ||
| 345 | ^94000 экз. | ||
| 461 | 1 |
^12001 ^aВосьмирье ^e[для младшего и среднего школьного возраста] ^fМарина Ясинская ^gхудожник: Татьяна Петровска ^vКн. 1 ^1210 ^aМосква ^cАбрикобукс ^cАбрикос ^d2025 — ^1215 ^d22 см |
|
| 532 | 1 | 1 | ^aВосьмирье. Тридцать второе августа |
| 606 |
^aРУССКАЯ ЛИТЕРАТУРА ^3BY-NLB-ar28702 ^2DVNLB |
||
| 606 |
^aХУДОЖЕСТВЕННАЯ ЛИТЕРАТУРА ^3BY-NLB-ar37179 ^2DVNLB |
||
| 608 |
^aПРОЗА (лит. произведение) ^3BY-NLB-ar2648148 ^2BYGNR |
||
| 608 |
^aФАНТАСТИЧЕСКАЯ ПРОЗА ^3BY-NLB-ar35669 ^2BYGNR |
||
| 608 |
^aДЕТСКАЯ И ЮНОШЕСКАЯ ЛИТЕРАТУРА (художеств. произведение) ^3BY-NLB-ar9019 ^2BYGNR |
||
| 686 |
^a84(2Рос)6-4 ^2rubbk |
||
| 690 |
^a1 ^2Base ^9BY-MI0000 ^xRSEK |
||
| 700 | 1 |
^aЯсинская ^bМ. Л. ^3BY-SEK-ar13277477 |
|
| 702 | 1 |
^aПетровска ^bТ. ^gТатьяна ^4440 |
|
| 801 | 0 |
^aBY ^bBY-MI0000 ^c20260127 ^gRCR |
|
| 899 | 0 |
^aBY-MI0000 ^iЯ81 ^h84(2Рос)6 |
|